Hongos de Colombia - III. Observaciones sobre los hongos, liquenes y mixomicetos de Colombia (Registro nro. 14610)

Detalles MARC
000 -CABECERA
Campo de control 003720000a22001210004500
090 ## - CLASIFICACIÓN LOCAL
Colección AS
Consecutivo Seriadas
041 0# - IDIOMA
Código de idioma para texto/pista de sonido o título separado
100 1# - ASIENTO PRINCIPAL--NOMBRE PERSONAL
Nombre personal Guzmán, Gastón
245 10 - MENCION DE TITULO
Título Hongos de Colombia - III. Observaciones sobre los hongos, liquenes y mixomicetos de Colombia
700 1# - ASIENTO SECUNDARIO - NOMBRE PERSONAL
Nombre personal Varela, Lucía
773 1# - Item fuente:
Título Caldasia
Especificación de materiales 45
Descripción física 58
Paginas del Articulo 309-337
Lugar, editorial y fecha de publicación 1978
Información sobre la relación 12
942 ## - ELEMENTOS ADICIONALES (KOHA)
Tipo de ítem Artículo

No hay ítems disponibles.